000 00376 a2200145 4500
005 20250623082223.0
020 _a0 582 35541 9
082 _a332 DAV
100 _aDAVIES, R.
245 _aFinancial Decisions: Understanding Business.
260 _aLondon,
_bLongman,
_c1976.
300 _axi, 196p.: ill.; figure, table.
_bIndex
_c24cm
700 _aBARKER, R.
942 _2ddc
_cBKS
999 _c544
_d544